00671nam a22001937a 4500003000400000005001700004008004100021020001800062040000900080082002500089100002000114245005500134260002400189300001100213650010000224942000900324952012500333999001900458OSt20241014144427.0241014b |||||||| |||| 00| 0 eng d a978-81-958318 cSBCL a894.8123bMAT-S V.11 aMathew,M Thomas aSanumashinte Sampoorna KrithikalbVaayanakkappuram aKochibSAMOOHc2023 a831 p. 2Literature & rhetoricaLiteratures of other languagesv Altaic, Uralic, Hyperborean & Dravidian cBOOK 00102ddc4070aSBCLbSBCLd2024-10-14l0o894.8123 MAT-S V.11p142513r2024-10-14 00:00:00v14790.00w2024-10-14yBOOK c136326d136326